Physics and applications of hydrogen negative ion sources / (Record no. 172198)

MARC details
000 -LEADER
fixed length control field 00912nam a22002537a 4500
003 - CONTROL NUMBER IDENTIFIER
control field OSt
005 - DATE AND TIME OF LATEST TRANSACTION
control field 20250709114401.0
008 - FIXED-LENGTH DATA ELEMENTS--GENERAL INFORMATION
fixed length control field 250709b |||||||| |||| 00| 0 eng d
020 ## - INTERNATIONAL STANDARD BOOK NUMBER
International Standard Book Number 9783031214752 (hardcover)
040 ## - CATALOGING SOURCE
Original cataloging agency NUST
Language of cataloging eng
Transcribing agency NUST
Modifying agency NUST
Description conventions rda
050 ## - LIBRARY OF CONGRESS CALL NUMBER
Classification number QD461 BAC
245 ## - TITLE STATEMENT
Title Physics and applications of hydrogen negative ion sources /
Statement of responsibility, etc. Edited by Mathe Bacal.
260 ## - PUBLICATION, DISTRIBUTION, ETC.
Place of publication, distribution, etc. Cham:
Name of publisher, distributor, etc. Springer,
Date of publication, distribution, etc. ©2023.
300 ## - PHYSICAL DESCRIPTION
Extent xiii, 617 pages :
Other physical details Illustrations ;
Dimensions 24 cm.
336 ## - CONTENT TYPE
Source rdamedia
Content type term text
Content type code txt
337 ## - MEDIA TYPE
Source rdamedia
Media type term unmediated
Media type code n
338 ## - CARRIER TYPE
Source rdamedia
Carrier type term volume
Carrier type code nc
504 ## - BIBLIOGRAPHY, ETC. NOTE
Bibliography, etc. note Includes bibliographical references.
650 ## - SUBJECT ADDED ENTRY--TOPICAL TERM
Form subdivision SCIENCE Chemistry Physical & Theoretical.
650 ## - SUBJECT ADDED ENTRY--TOPICAL TERM
Form subdivision Physical and theoretical chemistry.
650 ## - SUBJECT ADDED ENTRY--TOPICAL TERM
Form subdivision Science Chemistry Inorganic chemistry .
700 ## - ADDED ENTRY--PERSONAL NAME
Personal name Bacal, Marthe
Relator term Editor
942 ## - ADDED ENTRY ELEMENTS (KOHA)
Source of classification or shelving scheme Library of Congress Classification
Koha item type Ordinary Loan Books
Classification part QD461 BAC
Call number prefix QD
Call number suffix BAC
Suppress in OPAC No

No items available.